000 00482nam a2200121Ia 4500
008 220615s9999||||xx |||||||||||||| ||und||
100 _aCoopersmith, Jonathan
245 4 _aThe Electrification of Russia, 1880-1926
546 _aEnglish[eng]
650 _aeconomic development||New Economic Policy||electrification||GOELRO||Soviet Union||industrialization||Russia
856 _uhttp://d3p9z3cj392tgc.cloudfront.net/wp-content/uploads/2016/08/23182333/9781501707162.pdf
942 _cEB
999 _c11996
_d11996